Island Countries With the Strongest Militaries - Statistics

General Stats
  • This quiz has been taken 631 times
    178 since last reset
  • The average score is 11 of 14
Answer Stats
Rank PwrIndx Country % Correct
8 0.1839 Japan
97%
6 0.1785 United Kingdom
96%
13 0.2557 Indonesia
95%
86 1.9039 New Zealand
89%
97 2.1103 Ireland
88%
67 1.3286 Cuba
86%
41 0.6987 Philippines
84%
22 0.3988 Taiwan
84%
130 3.0609 Madagascar
83%
69 1.3941 Sri Lanka
81%
124 2.8023 Dominican Republic
75%
135 3.5181 Iceland
70%
29 0.5271 Singapore
66%
81 1.7448 Bahrain
53%
No matching quizzes found
Score Distribution
Percent of People with Each Score
Percentile by Number Answered
Your Score History
You have not taken this quiz since the last reset